• 首页
  • 本馆介绍
  • 公告通知
  • 最新文献
  • 馆藏检索
  • 电子资源
  • 读者导购
  • 参考咨询
  • 我的图书馆
  • 登录
  • 详细信息显示
  • 放入我的书架
  • 预约/预借图书
  • 作者相关作品
  • 分类相关作品
  • 丛书相关作品
  • 出版社相关作品

书目信息

  • 表格格式
  • 工作单格式
  • 卡片格式
题名:
上下求索的文明考辩:历史学卷
    
 
作者: 李麦产 主编
分册:  
出版信息: 郑州   河南大学出版社  2022.12
页数: 368页
开本: 26cm
丛书名:
单 册:
中图分类: K092-53
科图分类:
主题词: 史学史
电子资源:
ISBN: 7-5649-5394-2
000 00634nam0 2200205 450
001 2660934679
005 20260407170142.67
010    @a7-5649-5394-2@dCNY87.25
100    @a20260407d2022 km y0chiy0120 ea
101 0  @achi
102    @aCN@b410000
102    @aCN
200 1  @a上下求索的文明考辩:历史学卷@AShang Xia Qiu Suo De Wen Ming Kao Bian:Li Shi Xue Juan@f李麦产主编@FLi Mai Chan Zhu Bian
210    @a郑州@c河南大学出版社@d2022.12
215    @a368页@d26cm
606 0  @a史学史
690    @aK092-53@v4
701  0 @a李麦产@ALi Mai Chan@4主编
801  0 @aCN@b大连网信软件有限公司图书馆·11@c20260407
905    @aZUCC@dK092-53@e206
    
    上下求索的文明考辩:历史学卷/李麦产主编.-郑州:河南大学出版社,2022.12
    368页;26cm
    
    
    ISBN 7-5649-5394-2:CNY87.25
    
●
相关链接 在E读中查询图书 在五车中查询图书 在当当中查询图书 在豆瓣中查询图书


正题名:上下求索的文明考辩:历史学卷     索取号:K092-53/206         预约/预借

序号 登录号 条形码 馆藏地/架位号 状态 备注
1 1442470   214424700   第二样本阅览室/ [索取号:K092-53/206] 在馆    
唐山师范学院图书馆 欢迎您!
大连网信软件有限公司© 版权所有